Cotton puffs, Q-tips, smoke and mirrors : the drawings of Ed Ruscha /

Bibliographic Details
Main Author: Rowell, Margit
Corporate Author: Whitney Museum of American Art
Other Authors: Butler, Cornelia H.
Format: Book
Language:English
Published: New York : Whitney Museum of American Art : [2004]
Subjects:

MARC

Tag First Indicator Second Indicator Subfields
LEADER 00000pam a22000004a 4500
001 in00002000971
005 20151031125357.0
008 040128s2004 nyua bc 001 0 eng
010 |a  2004001935 
020 |a 0874271401 (alk. paper) 
035 |a (OCoLC)ocm54279976 
040 |a DLC  |c DLC  |d UtOrBLW 
042 |a pcc 
049 |a TXAM 
050 0 0 |a NC139.R86  |b A4 2004 
082 0 0 |a 741.973  |2 22 
100 1 |a Rowell, Margit. 
245 1 0 |a Cotton puffs, Q-tips, smoke and mirrors :  |b the drawings of Ed Ruscha /  |c Margit Rowell ; with an essay by Cornelia Butler. 
264 1 |a New York :  |b Whitney Museum of American Art :  |c [2004] 
264 2 |a New York :  |b Distributed by Harry N. Abrams, 
264 4 |c ©2004 
300 |a 259 pages :  |b chiefly illustrations (some color) ;  |c 29 cm. 
336 |a text  |b txt  |2 rdacontent 
337 |a unmediated  |b n  |2 rdamedia 
338 |a volume  |b nc  |2 rdacarrier 
500 |a On title page, Q-tips is followed by the registered trademark symbol. 
504 |a Includes bibliographical references (pages 249-251) and indexes. 
600 1 0 |a Ruscha, Edward  |v Exhibitions. 
700 1 |a Butler, Cornelia H. 
710 2 |a Whitney Museum of American Art. 
945 |i PromptCat 
948 |a cataloged  |b h  |c 2004/11/5  |d c  |e cmulkey  |f 8:58:30 am 
994 |a 92  |b TXA 
999 |a MARS 
999 f f |s e3cb53f6-7157-36cd-8013-b90d3c096043  |i 67715bc6-2229-3eaa-999c-d4191cf54175  |t 0 
952 f f |p normal  |a Texas A&M University  |b College Station  |c Sterling C. Evans Library  |d Evans: Library Stacks  |t 0  |e NC139.R86 A4 2004  |h Library of Congress classification  |i unmediated -- volume  |m A14831598952 
998 f f |a NC139.R86 A4 2004  |t 0  |l Evans: Library Stacks